| Registos Bibliográficos associados ao registo de autoridade |
|
Etiqueta de registo: 00000nkm 2200025 450 001 2267941 003 http://id.bnportugal.gov.pt/bib/catbnp/2267941 100 ## $a20260218d1984 m y0pory01030103ba 101 0# $apor 102 ## $aPT 200 1# $aSines, festas do município, 12 agosto 1984$bVisual gráfico]$fCâmara Municipal de Sines, Associação de Municípios do Distrito de Beja 210 #9 $aBeja$cCâmara Municipal de Sines,$d1984 215 ## $a1 cartaz$cp&b.$d42x29,7cm 317 ## $aColeção Madeira Luís 675 ## $a766(=1:469)"198"(084.5)$vBN$zpor$31981579 710 02 $aCâmara Municipal de Sines$359508 712 02 $aAssociação de Municípios do Distrito de Beja$3180193 801 #0 $aPT$bBN$gRPC 966 ## $lBN$mICONOG$sCT. 14309 V.$x3 971 ## $cCaticonografia2$d20260218 995 ## $aPRR2026 $d20260218$iCaticonografia2
|
|
|